000 00711nam a22002177a 4500
003 UA-OsUOA
001 111517
007 ta
008 20150525b un ||||| |||| 00| 0 ukr d
100 _aОстапченко О.
090 _a81
_bО-76
942 _cSA
040 _aUA-OsUOA
_bukr
_cUA-OsUOA
_dUA-OsUOA
245 _aПроблемні завдання та дидактичні ігри у вивченні фразеологічних ресурсів української мови
300 _aС.32-38
955 _a0
041 _aukr
080 _a81
773 0 _w111515
650 7 _a8 Мовознавство. Художня література. Літературознавство
_2UDC
999 _c397623
_d397623